000
002840000a22000970004500
100
1
_a
Baumgarten, Joseph M.
245
1
0
_a
The calendars of the book of jubilees and the temple scroll
300
_a
Vol. 37, Num 1 (Enero, 1987), Páginas 71-77
773
0
_t
Vetus Testamentum
942
_c
ANA
999
_c
57285
_d
57285